000
00329nam a2200145Ia 4500
008
100122s9999 xx 000 0 und d
082
_b
60210
_a
294.5
100
_a
CHINNAYA
245
_a
BAL BHAGAVATAM
260
_b
CHINMAYA
_c
1969
300
_a
141
630
_a
BAL BHAGAVATAM
730
_a
BAL BHAGAVATAM
942
_c
BOOK
999
_c
377901
_d
377898